000 00619nam a2200217Ia 4500
005 20241129120108.0
008 241129s9999||||xx |||||||||||||| ||und||
020 _a9781032479354
037 _aTB
040 _aSDCL
_beng
_cSDCL
041 _aeng
_2eng
084 _aX:(G:55), R4
_qSDCL
100 _aMcManners Peter
_9729116
245 0 _aEssentials of sustainability for business: A practical business
260 _aLondon
_bRoutledge
_c2024
300 _avi,187p.
365 _aGBP
_b34.99
650 _aBusiness Economics and Finance
942 _cTB
_hX:(G:55), R4
999 _c1233316
_d1233316